000 00335 a2200157 4500
001 170003
020 _a0-435-27337-X
040 _cMagnum
100 _aBell, Florence
240 1 0 _aThe mill on the floss
_lING
245 1 0 _aThe mill on the floss
300 _a63
362 0 _a1997
697 _aLITERATURA INGLESA
942 _cBK
999 _c170003
_d170003